Statistiques concernant Personnages d'anime en images - D

Cliquez ici pour prendre le quiz!

Statistiques générales

  • Ce quiz a été pris 215 fois
  • Le résultat moyen est 5 sur 13

Statistiques - réponses

Réponse% Correct
Don Quichotte Doflamingo
92%
Dio Brando
79%
Denji
77%
Diane
73%
Daki
42%
Doma
35%
Devilman
34%
Diavolo
25%
Dianthéa
19%
Dosu Kinuta
4%
Damnatio Kira
3%
Dora
3%
Dutch
2%

Distribution des résultats

Percentile par nombre de réponses

% des personnes avec chaque résultat

Votre développement - résultats

Vous n’avez pas pris ce quiz